000
00337nam a2200145Ia 4500
008
150201s2012 xx 000 0 und d
082
_a
616.96
_b
M12B
100
_a
BAVEJA, CP
245
_a
MEDICAL PARASITOLOGY
250
_a
2ND
260
_b
ARYA PUB.
_a
DELHI
_c
2012
300
_a
1-222
650
_a
MICROBIOLOGY
942
_2
ddc
_c
BK
_0
49
999
_c
1384
_d
1384